000 01456cad a22002655a 4500
001 L137736
008 110623s2007 xxkbo f 000 0 eng d
020 _a9781861349972
035 _a(Sirsi) u137736
041 0 _aeng
050 0 4 _a711.52 $2 18
100 1 _aHolland, Caroline
245 0 0 _aSocial interactions in urban public places
_h[electronic resource]
260 _aYork
_bJoseph Rowntree Foundation
_c2007
490 0 _aJRF Findings
_v(2044) April 2007
520 _aBased on 200 hours of observation taken in Aylesbury from 2004-5. Finds that different demographics use public spaces at different times of day and for different purposes. Observes the limited effect of displacing undesirable behaviour, and the effect of the reputation on perception of public spaces. Notes that some use such areas for privacy or a sense of territorial ownership. Suggests that better amenities and good management can help all groups feel more comfortable. Observes the effect of different regulatory approaches, and of facilities on different groups. Notes the need for balance between security and a need for a sense of freedom.
590 _aKA
651 4 _aUnited Kingdom
_y
690 _aBUILT ENVIRONMENT
700 1 _aClark, Andrew
700 1 _aKatz, Jeanne
700 1 _aPeace, Sheila M
856 4 8 _uhttps://www.jrf.org.uk/sites/files/jrf/2017-interactions-public-places.pdf
_zViewthe item free of charge at www.jrf.org
942 _n0
999 _c106889
_d106889